000 00448nam a2200157 4500
001 135749
003 ES-MaACL
005 20230906194939.0
007 t|
008 070214s1913 fr r ||||1| fre d
100 1 _aRouge, Charles.
_9100014
245 1 4 _aLes syndicats professionnels et l'assurance contre le chômage /
_cCharles Rouge.
260 _aParis :
_bJouve et Cie.,
_c1913.
300 _a187 p. ;
_c25 cm.
852 _aES-MaACL
_jF-1296
999 _c135749
_d135749